• 首页
  • 本馆介绍
  • 公告通知
  • 最新文献
  • 馆藏检索
  • 电子资源
  • 读者导购
  • 参考咨询
  • 我的图书馆
  • 登录
  • 详细信息显示
  • 放入我的书架
  • 预约/预借图书
  • 作者相关作品
  • 分类相关作品
  • 丛书相关作品
  • 出版社相关作品

书目信息

  • 表格格式
  • 工作单格式
  • 卡片格式
题名:
读者文摘精华
    
 
作者: 谢玲 主编
分册:   人生若只初相见
出版信息: 北京   北京工业大学出版社  2015
页数: 242页
开本: 23cm
丛书名:
单 册:
中图分类: Z89
科图分类:
主题词: 文摘--wen zhai--世界
电子资源:
ISBN: 978-7-5639-4380-7
000 00871nam 2200253 450
001 1654785953
005 20150921120050.3
010    @a978-7-5639-4380-7@dCNY28.00
100    @a20150921d2015 em y0chiy50 ea
101 0  @achi
102    @aCN@b110000
105    @aa z 000yy
106    @ar
200 1  @a读者文摘精华@Adu zhe wen zhai jing hua@i人生若只初相见@f谢玲主编
210    @a北京@c北京工业大学出版社@d2015
215    @a242页@c图@d23cm
300    @a青春版
330    @a本书精选的青春恋爱故事, 仿佛重新演绎纳兰容若、仓央嘉措、张爱玲、安意如笔下最怅惘的爱情。全书分为只是当时已惘然 ; 她是我命中的劫数 ; 爱要怎么说出口和有多少爱可以重来四辑。
517 1  @a人生若只初相见@Aren sheng ruo zhi chu xiang jian
606 0  @a文摘@Awen zhai@y世界
690    @aZ89@v5
701  0 @a谢玲@Axie ling@4主编
801  0 @aCN@b人天书店@c20150921
905    @aMUSE@dZ89@e13
    
    读者文摘精华.人生若只初相见/谢玲主编.-北京:北京工业大学出版社,2015
    242页:图;23cm
    青春版
    
    ISBN 978-7-5639-4380-7:CNY28.00
    本书精选的青春恋爱故事, 仿佛重新演绎纳兰容若、仓央嘉措、张爱玲、安意如笔下最怅惘的爱情。全书分为只是当时已惘然 ; 她是我命中的劫数 ; 爱要怎么说出口和有多少爱可以重来四辑。
●
相关链接 在五车中查询图书 在当当中查询图书 在豆瓣中查询图书


正题名:读者文摘精华     索取号:Z89/13         预约/预借

序号 登录号 条形码 馆藏地/架位号 状态 备注
1 817989   2000817989   第二书库/ [索取号:Z89/13] 已借出,限还日期为2026.04.24
借出人:高佳怡  
 
2 817990   2000817990   第二书库/ [索取号:Z89/13] 在馆    
3 817991   2000817991   第二书库/ [索取号:Z89/13] 在馆    
山东省滨州职业学院图书馆 欢迎您!
大连网信软件有限公司© 版权所有